MARC

LEADER 00000nam0a2200000 4500
001 325707
005 20231102003805.0
035 |a (RuTPU)RU\TPU\book\351322 
090 |a 325707 
100 |a 20161209d1955 k y0rusy50 ca 
101 0 |a rus 
102 |a RU 
105 |a a z 001zy 
200 1 |a Магнитные свойства и строение вещества  |e [монография]  |f Я. Г. Дорфман 
210 |a Москва  |c Государственное издательство технико-теоретической литературы  |d 1955 
215 |a 376 с.  |c ил. 
320 |a Библиогр.: с. 368-376 
606 1 |a Магнетохимия  |2 stltpush  |3 (RuTPU)RU\TPU\subj\40719  |9 60556 
610 1 |a изолированные микрочастицы 
610 1 |a диамагнетизм 
610 1 |a парамагнетизм 
610 1 |a ферромагнетизм 
610 1 |a антиферромагнетизм 
610 1 |a элементарные частицы 
610 1 |a атомы 
610 1 |a атомное ядро 
610 1 |a слабомагнитные вещества 
610 1 |a сильномагнитные вещества 
675 |a 544.56  |v 4 
700 1 |a Дорфман  |b Я. Г.  |g Яков Григорьевич 
801 1 |a RU  |b 63413507  |c 20161209 
801 2 |a RU  |b 63413507  |c 20200731  |g RCR 
942 |c BK